{"text_format":"3","workbook":"xlsx","n_sheets":1,"sheets":["t191"],"read":"whole","date_system":"1900"}

{"sheet":"t191","index":0,"n_rows":227,"n_cols":7,"rows_kept":227,"merged":[[0,0,0,6],[30,0,30,5],[49,0,49,5],[159,0,159,5]]}
["TABELA 191.1 - Estatísticas Agrícolas, Município de Garça, Estado de São Paulo, 2007/08."]
["ITEM","UNIDADE","N.DE UPAs","MÍNIMO","MÉDIO","MÁXIMO","TOTAL"]
["Distância à sede do município","km",826,{"v":1,"d":"1.0"},{"v":14.69,"d":"14.7"},{"v":43,"d":"43.0"},"-"]
["Área total","hectare",826,0.2,{"v":63.12,"d":"63.1"},{"v":1732.3,"d":"1,732.3"},{"v":52140.2,"d":"52,140.2"}]
["Área com cultura perene","hectare",554,0.1,{"v":19.79,"d":"19.8"},{"v":451,"d":"451.0"},{"v":10962,"d":"10,962.0"}]
["Área com cultura temporária","hectare",214,0.1,{"v":7.11,"d":"7.1"},{"v":180,"d":"180.0"},{"v":1520.9,"d":"1,520.9"}]
["Área com pastagem","hectare",576,0.5,{"v":54.39,"d":"54.4"},{"v":1178,"d":"1,178.0"},{"v":31329.6,"d":"31,329.6"}]
["Área com reflorestamento","hectare",193,0.1,{"v":4.78,"d":"4.8"},{"v":200,"d":"200.0"},{"v":922,"d":"922.0"}]
["Área com vegetação natural","hectare",447,0.1,9.1,447.5,{"v":4066.9,"d":"4,066.9"}]
["Área com vegetação de brejo e várzea","hectare",279,0.1,{"v":3.05,"d":"3.1"},85.7,851.4]
["Área em descanso","hectare",145,0.1,{"v":8.48,"d":"8.5"},{"v":140,"d":"140.0"},{"v":1230.1,"d":"1,230.1"}]
["Área complementar","hectare",744,0.1,{"v":1.69,"d":"1.7"},24.2,{"v":1257.3,"d":"1,257.3"}]
["Área das UPAs com (0, 1] ha","hectare",7,0.2,{"v":0.64,"d":"0.6"},{"v":1,"d":"1.0"},4.5]
["Área das UPAs com (1, 2] ha","hectare",7,1.1,{"v":1.61,"d":"1.6"},{"v":2,"d":"2.0"},11.3]
["Área das UPAs com (2, 5] ha","hectare",101,2.1,3.6,{"v":5,"d":"5.0"},363.3]
["Área das UPAs com (5, 10] ha","hectare",200,5.1,{"v":7.93,"d":"7.9"},{"v":10,"d":"10.0"},{"v":1585.2,"d":"1,585.2"}]
["Área das UPAs com (10, 20] ha","hectare",176,10.1,{"v":14.34,"d":"14.3"},{"v":20,"d":"20.0"},{"v":2524.2,"d":"2,524.2"}]
["Área das UPAs com (20, 50] ha","hectare",146,20.1,{"v":31.69,"d":"31.7"},{"v":50,"d":"50.0"},{"v":4627.3,"d":"4,627.3"}]
["Área das UPAs com (50, 100] ha","hectare",65,51.4,71.5,96.8,{"v":4647.5,"d":"4,647.5"}]
["Área das UPAs com (100, 200] ha","hectare",53,100.6,{"v":139.74,"d":"139.7"},188.1,{"v":7406.2,"d":"7,406.2"}]
["Área das UPAs com (200, 500] ha","hectare",54,205.7,{"v":301.65,"d":"301.7"},{"v":484,"d":"484.0"},{"v":16288.9,"d":"16,288.9"}]
["Área das UPAs com (500, 1.000] ha","hectare",14,537.2,{"v":734.21,"d":"734.2"},{"v":900,"d":"900.0"},{"v":10278.9,"d":"10,278.9"}]
["Área das UPAs com (1.000, 2.000] ha","hectare",3,{"v":1240,"d":"1,240.0"},{"v":1467.63,"d":"1,467.6"},{"v":1732.3,"d":"1,732.3"},{"v":4402.9,"d":"4,402.9"}]
["Área das UPAs com (2.000, 5.000] ha","hectare","-","-","-","-","-"]
["Área das UPAs com (5.000, 10.000] ha","hectare","-","-","-","-","-"]
["Área das UPAs acima de 10.000 ha","hectare","-","-","-","-","-"]
["Familiares do proprietário que trabalham na UPA","unidade",486,{"v":1,"d":"1.0"},1.5,{"v":5,"d":"5.0"},{"v":728,"d":"728.0"}]
["Trabalhadores permanentes","unidade",499,{"v":1,"d":"1.0"},{"v":3.54,"d":"3.5"},{"v":110,"d":"110.0"},{"v":1766,"d":"1,766.0"}]
["Fonte: Secretaria de Agricultura e Abastecimento, CDRS/IEA, Projeto LUPA."]
[]
["TABELA 191.2 - Explorações Animais, Município de Garça, Estado de São Paulo, 2007/08."]
["ITEM","UNIDADE","N.DE UPAs","MÍNIMO","MÉDIO","MÁXIMO","TOTAL"]
["Apicultura","colmeias",9,{"v":1,"d":"1.0"},{"v":16.89,"d":"16.9"},{"v":90,"d":"90.0"},{"v":152,"d":"152.0"}]
["Asininos E Muares","cabeças",70,{"v":1,"d":"1.0"},3.3,{"v":60,"d":"60.0"},{"v":231,"d":"231.0"}]
["Avestruzes e Ema (Criadouro)","cabeças",1,{"v":8,"d":"8.0"},{"v":8,"d":"8.0"},{"v":8,"d":"8.0"},{"v":8,"d":"8.0"}]
["Avicultura Ornamental/Decorativa/Exótica","cabeças",1,{"v":19,"d":"19.0"},{"v":19,"d":"19.0"},{"v":19,"d":"19.0"},{"v":19,"d":"19.0"}]
["Avicultura para Ovos","cabeças",2,{"v":300,"d":"300.0"},{"v":8650,"d":"8,650.0"},{"v":17000,"d":"17,000.0"},{"v":17300,"d":"17,300.0"}]
["Bovinocultura de Corte","cabeças",267,{"v":2,"d":"2.0"},{"v":138.12,"d":"138.1"},{"v":2155,"d":"2,155.0"},{"v":36879,"d":"36,879.0"}]
["Bovinocultura Leiteira","cabeças",100,{"v":1,"d":"1.0"},11.2,{"v":116,"d":"116.0"},{"v":1120,"d":"1,120.0"}]
["Bovinocultura Mista","cabeças",135,{"v":2,"d":"2.0"},{"v":19.55,"d":"19.6"},{"v":526,"d":"526.0"},{"v":2639,"d":"2,639.0"}]
["Caprinocultura","cabeças",5,{"v":6,"d":"6.0"},16.4,{"v":30,"d":"30.0"},{"v":82,"d":"82.0"}]
["Cunicultura","cabeças",1,{"v":71,"d":"71.0"},{"v":71,"d":"71.0"},{"v":71,"d":"71.0"},{"v":71,"d":"71.0"}]
["Equinocultura","cabeças",300,{"v":1,"d":"1.0"},{"v":4.01,"d":"4.0"},{"v":38,"d":"38.0"},{"v":1203,"d":"1,203.0"}]
["Minhocultura","canteiros",3,{"v":2,"d":"2.0"},{"v":5,"d":"5.0"},{"v":11,"d":"11.0"},{"v":15,"d":"15.0"}]
["Ovinocultura","cabeças",35,{"v":2,"d":"2.0"},{"v":52.63,"d":"52.6"},{"v":350,"d":"350.0"},{"v":1842,"d":"1,842.0"}]
["Piscicultura","m² tanques",13,{"v":3,"d":"3.0"},{"v":5361.77,"d":"5,361.8"},{"v":20000,"d":"20,000.0"},{"v":69703,"d":"69,703.0"}]
["Suinocultura","cabeças",123,{"v":1,"d":"1.0"},{"v":14.59,"d":"14.6"},{"v":458,"d":"458.0"},{"v":1795,"d":"1,795.0"}]
["Fonte: Secretaria de Agricultura e Abastecimento, CDRS/IEA, Projeto LUPA."]
[]
["TABELA 191.3 -  Máquinas, Implementos e Benfeitorias, Município de Garça, Estado de São Paulo, 2007/08."]
["ITEM","UNIDADE","N.DE UPAs","MÍNIMO","MÉDIO","MÁXIMO","TOTAL"]
["Arado Comum (Bacia, Aiveca)","Unidade",107,{"v":1,"d":"1.0"},{"v":1.15,"d":"1.2"},{"v":5,"d":"5.0"},{"v":123,"d":"123.0"}]
["Arado Escarificador","Unidade",11,{"v":1,"d":"1.0"},{"v":1.45,"d":"1.5"},{"v":3,"d":"3.0"},{"v":16,"d":"16.0"}]
["Arado Subsolador","Unidade",30,{"v":1,"d":"1.0"},1.1,{"v":2,"d":"2.0"},{"v":33,"d":"33.0"}]
["Batedeira de Cereais","Unidade",4,{"v":1,"d":"1.0"},{"v":1,"d":"1.0"},{"v":1,"d":"1.0"},{"v":4,"d":"4.0"}]
["Câmara Fria","Unidade",1,{"v":1,"d":"1.0"},{"v":1,"d":"1.0"},{"v":1,"d":"1.0"},{"v":1,"d":"1.0"}]
["Carregadeira de Cana","Unidade",1,{"v":1,"d":"1.0"},{"v":1,"d":"1.0"},{"v":1,"d":"1.0"},{"v":1,"d":"1.0"}]
["Colhedeira Acoplada","Unidade",32,{"v":1,"d":"1.0"},{"v":1.41,"d":"1.4"},{"v":3,"d":"3.0"},{"v":45,"d":"45.0"}]
["Colhedeira Automotriz","Unidade",9,{"v":1,"d":"1.0"},{"v":1.11,"d":"1.1"},{"v":2,"d":"2.0"},{"v":10,"d":"10.0"}]
["Computador","Unidade",37,{"v":1,"d":"1.0"},{"v":1.08,"d":"1.1"},{"v":2,"d":"2.0"},{"v":40,"d":"40.0"}]
["Conj.Irrigação Convencional","Unidade",6,{"v":1,"d":"1.0"},1.5,{"v":2,"d":"2.0"},{"v":9,"d":"9.0"}]
["Conj.Irrigação/Gotejamento/Microaspersão","Unidade",45,{"v":1,"d":"1.0"},{"v":2.38,"d":"2.4"},{"v":25,"d":"25.0"},{"v":107,"d":"107.0"}]
["Conjunto de Fenação","Unidade",2,{"v":1,"d":"1.0"},{"v":1,"d":"1.0"},{"v":1,"d":"1.0"},{"v":2,"d":"2.0"}]
["Desintegrador de Palha (Plantio Direto)","Unidade",17,{"v":1,"d":"1.0"},{"v":1.24,"d":"1.2"},{"v":2,"d":"2.0"},{"v":21,"d":"21.0"}]
["Desintegrador, Picador, Triturador","Unidade",148,{"v":1,"d":"1.0"},{"v":1.12,"d":"1.1"},{"v":7,"d":"7.0"},{"v":166,"d":"166.0"}]
["Distribuidor de Calcário","Unidade",152,{"v":1,"d":"1.0"},{"v":1.36,"d":"1.4"},{"v":8,"d":"8.0"},{"v":207,"d":"207.0"}]
["Ensiladeira","Unidade",8,{"v":1,"d":"1.0"},{"v":1.13,"d":"1.1"},{"v":2,"d":"2.0"},{"v":9,"d":"9.0"}]
["Grade Aradora (Tipo Romi)","Unidade",54,{"v":1,"d":"1.0"},{"v":1.22,"d":"1.2"},{"v":4,"d":"4.0"},{"v":66,"d":"66.0"}]
["Grade Niveladora","Unidade",93,{"v":1,"d":"1.0"},{"v":1.12,"d":"1.1"},{"v":3,"d":"3.0"},{"v":104,"d":"104.0"}]
["Implementos para Tração Animal","Unidade",89,{"v":1,"d":"1.0"},{"v":1.49,"d":"1.5"},{"v":4,"d":"4.0"},{"v":133,"d":"133.0"}]
["Microtrator","Unidade",8,{"v":1,"d":"1.0"},{"v":1,"d":"1.0"},{"v":1,"d":"1.0"},{"v":8,"d":"8.0"}]
["Misturador de Ração","Unidade",7,{"v":1,"d":"1.0"},{"v":1,"d":"1.0"},{"v":1,"d":"1.0"},{"v":7,"d":"7.0"}]
["Ordenhadeira Mecânica","Unidade",3,{"v":1,"d":"1.0"},{"v":2,"d":"2.0"},{"v":4,"d":"4.0"},{"v":6,"d":"6.0"}]
["Pulverizador Tratorizado","Unidade",258,{"v":1,"d":"1.0"},{"v":1.57,"d":"1.6"},{"v":12,"d":"12.0"},{"v":405,"d":"405.0"}]
["Resfriador de Leite, Tanque Expansão","Unidade",2,{"v":1,"d":"1.0"},{"v":1,"d":"1.0"},{"v":1,"d":"1.0"},{"v":2,"d":"2.0"}]
["Semeadeira/Adubadeira para Plantio Convencional","Unidade",20,{"v":1,"d":"1.0"},{"v":1.05,"d":"1.1"},{"v":2,"d":"2.0"},{"v":21,"d":"21.0"}]
["Semeadeira/Plantadeira Plantio Direto","Unidade",6,{"v":1,"d":"1.0"},{"v":1.17,"d":"1.2"},{"v":2,"d":"2.0"},{"v":7,"d":"7.0"}]
["Terraceador","Unidade",12,{"v":1,"d":"1.0"},{"v":1.08,"d":"1.1"},{"v":2,"d":"2.0"},{"v":13,"d":"13.0"}]
["Trator de Esteiras","Unidade",4,{"v":1,"d":"1.0"},{"v":1.25,"d":"1.3"},{"v":2,"d":"2.0"},{"v":5,"d":"5.0"}]
["Trator de Pneus","Unidade",339,{"v":1,"d":"1.0"},1.9,{"v":25,"d":"25.0"},{"v":645,"d":"645.0"}]
["Açude/Represa","Unidade",182,{"v":1,"d":"1.0"},{"v":1.49,"d":"1.5"},{"v":9,"d":"9.0"},{"v":271,"d":"271.0"}]
["Alambique","Unidade",2,{"v":1,"d":"1.0"},{"v":1,"d":"1.0"},{"v":1,"d":"1.0"},{"v":2,"d":"2.0"}]
["Almoxarifado/Oficina","Unidade",114,{"v":1,"d":"1.0"},{"v":1.04,"d":"1.0"},{"v":2,"d":"2.0"},{"v":119,"d":"119.0"}]
["Armazém para Grãos Ensacados","Sacas",55,{"v":1,"d":"1.0"},{"v":2191.02,"d":"2,191.0"},{"v":20000,"d":"20,000.0"},{"v":120506,"d":"120,506.0"}]
["Balança para Bovinos","Unidade",29,{"v":1,"d":"1.0"},{"v":1.03,"d":"1.0"},{"v":2,"d":"2.0"},{"v":30,"d":"30.0"}]
["Balança para Veículos","Unidade",2,{"v":1,"d":"1.0"},{"v":1,"d":"1.0"},{"v":1,"d":"1.0"},{"v":2,"d":"2.0"}]
["Barracão para Granja/Avicultura","Unidade",9,{"v":1,"d":"1.0"},{"v":5,"d":"5.0"},{"v":30,"d":"30.0"},{"v":45,"d":"45.0"}]
["Barracão/Galpão/Garagem","Unidade",358,{"v":1,"d":"1.0"},1.4,{"v":10,"d":"10.0"},{"v":502,"d":"502.0"}]
["Biodigestor","Unidade",2,{"v":1,"d":"1.0"},1.5,{"v":2,"d":"2.0"},{"v":3,"d":"3.0"}]
["Casa de Moradia Habitada","Unidade",633,{"v":1,"d":"1.0"},{"v":2.11,"d":"2.1"},{"v":56,"d":"56.0"},{"v":1336,"d":"1,336.0"}]
["Casa de Moradia Total","Unidade",688,{"v":1,"d":"1.0"},{"v":3.23,"d":"3.2"},{"v":67,"d":"67.0"},{"v":2222,"d":"2,222.0"}]
["Curral/Mangueira","Unidade",278,{"v":1,"d":"1.0"},1.1,{"v":5,"d":"5.0"},{"v":307,"d":"307.0"}]
["Depósito/Tulha","Unidade",479,{"v":1,"d":"1.0"},{"v":1.31,"d":"1.3"},{"v":10,"d":"10.0"},{"v":629,"d":"629.0"}]
["Engenho","Unidade",3,{"v":1,"d":"1.0"},{"v":1,"d":"1.0"},{"v":1,"d":"1.0"},{"v":3,"d":"3.0"}]
["Estábulo","Unidade",10,{"v":1,"d":"1.0"},1.3,{"v":3,"d":"3.0"},{"v":13,"d":"13.0"}]
["Estufa/Plasticultura","m²",37,{"v":200,"d":"200.0"},{"v":1614.86,"d":"1,614.9"},{"v":12000,"d":"12,000.0"},{"v":59750,"d":"59,750.0"}]
["Fábrica de Farinha","Unidade",1,{"v":1,"d":"1.0"},{"v":1,"d":"1.0"},{"v":1,"d":"1.0"},{"v":1,"d":"1.0"}]
["Fábrica de Ração","Unidade",3,{"v":1,"d":"1.0"},{"v":1,"d":"1.0"},{"v":1,"d":"1.0"},{"v":3,"d":"3.0"}]
["Instalações para Equinos","Unidade",20,{"v":1,"d":"1.0"},{"v":3.05,"d":"3.1"},{"v":10,"d":"10.0"},{"v":61,"d":"61.0"}]
["Máquina de Benefício","Unidade",90,{"v":1,"d":"1.0"},{"v":1,"d":"1.0"},{"v":1,"d":"1.0"},{"v":90,"d":"90.0"}]
["Olaria","Unidade",1,{"v":1,"d":"1.0"},{"v":1,"d":"1.0"},{"v":1,"d":"1.0"},{"v":1,"d":"1.0"}]
["Packing House","Unidade",1,{"v":1,"d":"1.0"},{"v":1,"d":"1.0"},{"v":1,"d":"1.0"},{"v":1,"d":"1.0"}]
["Pocilga","Unidade",85,{"v":1,"d":"1.0"},{"v":1.53,"d":"1.5"},{"v":10,"d":"10.0"},{"v":130,"d":"130.0"}]
["Poço Semi-Artesiano","Unidade",102,{"v":1,"d":"1.0"},{"v":1.08,"d":"1.1"},{"v":3,"d":"3.0"},{"v":110,"d":"110.0"}]
["Secador de Grãos","Unidade",104,{"v":1,"d":"1.0"},{"v":1.64,"d":"1.6"},{"v":5,"d":"5.0"},{"v":171,"d":"171.0"}]
["Silo para Silagem","t",10,{"v":5,"d":"5.0"},220.8,{"v":1200,"d":"1,200.0"},{"v":2208,"d":"2,208.0"}]
["Terreiro","m²",457,{"v":1,"d":"1.0"},{"v":1156.4,"d":"1,156.4"},{"v":40000,"d":"40,000.0"},{"v":528473,"d":"528,473.0"}]
["Usina de Açúcar/destilaria","Unidade",1,{"v":1,"d":"1.0"},{"v":1,"d":"1.0"},{"v":1,"d":"1.0"},{"v":1,"d":"1.0"}]
["Fonte: Secretaria de Agricultura e Abastecimento, CDRS/IEA, Projeto LUPA."]
[]
["TABELA 191.4 - Outras Estatísticas Agrícolas, Município de Garça, Estado de São Paulo, 2007/08."]
["ITEM","Número de UPAs",null,"Percentual"]
["Faz Parte de Associação de Produtores",149,null,{"v":17.973462002412546,"d":"18.0"}]
["Faz Parte de Cooperativa de Produtores",331,null,{"v":39.9276236429433,"d":"39.9"}]
["Faz Parte do Sindicato de Produtores",287,null,{"v":34.62002412545235,"d":"34.6"}]
["Não utiliza assistência técnica ",144,null,{"v":17.370325693606755,"d":"17.4"}]
["Utiliza somente assistência técnica governamental ",55,null,{"v":6.634499396863691,"d":"6.6"}]
["Utiliza somente assistência técnica privada ",238,null,{"v":28.70928829915561,"d":"28.7"}]
["Utiliza assistência técnica tanto governamental quanto privada",389,null,{"v":46.92400482509047,"d":"46.9"}]
["Utiliza Crédito Rural",261,null,{"v":31.48371531966224,"d":"31.5"}]
["Utiliza Seguro Rural",13,null,{"v":1.5681544028950545,"d":"1.6"}]
["Utiliza Escrituração Agrícola",614,null,{"v":74.06513872135103,"d":"74.1"}]
["Acessa Internet p/ Fins na Agropecuária",246,null,{"v":29.674306393244873,"d":"29.7"}]
["Utiliza Computador nas Atividades Agropecuárias",345,null,{"v":41.616405307599514,"d":"41.6"}]
["Utiliza Energia Elétrica Para Uso na Atividade Agrícola",691,null,{"v":83.35343787696019,"d":"83.4"}]
["Realiza Análise de Solo, quando necessário",297,null,{"v":35.82629674306393,"d":"35.8"}]
["Utiliza Práticas de Conservação de Solo, quando necessário",660,null,{"v":79.61399276236429,"d":"79.6"}]
["Faz Adubação Mineral, quando necessário",561,null,{"v":67.67189384800965,"d":"67.7"}]
["Faz Adubação Orgânica, quando necessário",493,null,{"v":59.46924004825091,"d":"59.5"}]
["Faz Adubação Verde, quando necessário",23,null,{"v":2.774427020506635,"d":"2.8"}]
["Utiliza Manejo Integrado de Pragas (MIP)",2,null,{"v":0.24125452352231602,"d":"0.2"}]
["Utiliza Hidroponia",1,null,{"v":0.12062726176115801,"d":"0.1"}]
["Utiliza Plasticultura",43,null,{"v":5.186972255729795,"d":"5.2"}]
["Utiliza Mudas Fiscalizadas",333,null,{"v":40.16887816646562,"d":"40.2"}]
["Utiliza Semente Melhorada",171,null,{"v":20.62726176115802,"d":"20.6"}]
["Faz Confinamento de Bovinos",20,null,{"v":2.4125452352231602,"d":"2.4"}]
["Utiliza Pastejo Intensivo",154,null,{"v":18.576598311218333,"d":"18.6"}]
["Faz Inseminação Artificial",19,null,{"v":2.2919179734620028,"d":"2.3"}]
["Faz Mineralização do Rebanho",394,null,{"v":47.52714113389626,"d":"47.5"}]
["Faz Vermifugação do Rebanho",394,null,{"v":47.52714113389626,"d":"47.5"}]
["Possui Parceiros /Arrendatários na Exploração Animal",82,null,{"v":9.891435464414958,"d":"9.9"}]
["Esporte e lazer",3,null,{"v":0.3618817852834741,"d":"0.4"}]
["Extração mineral","-",null,"-"]
["Hotel Fazenda, Pousada ou SPA","-",null,"-"]
["Pesque-pague",5,null,{"v":0.6031363088057901,"d":"0.6"}]
["Restaurante ou Lanchonete",6,null,{"v":0.7237635705669482,"d":"0.7"}]
["Transformação artesanal",2,null,{"v":0.24125452352231602,"d":"0.2"}]
["Turismo rural ou ecoturismo","-",null,"-"]
["Outras atividades econômicas rurais",26,null,{"v":3.136308805790109,"d":"3.1"}]
["Agroindústria","-",null,"-"]
["Proprietário sem instrução ou com instrução incompleta",11,null,{"v":1.3268998793727382,"d":"1.3"}]
["Proprietário com antigo primário completo",144,null,{"v":17.370325693606755,"d":"17.4"}]
["Proprietário com 1° grau (ou antigo ginasial) completo",107,null,{"v":12.907117008443908,"d":"12.9"}]
["Proprietário com 2° grau (ou antigo colegial) completo",256,null,{"v":30.88057901085645,"d":"30.9"}]
["Proprietário com curso superior completo ",290,null,{"v":34.981905910735826,"d":"35.0"}]
["Pessoa Jurídica",18,null,{"v":2.1712907117008444,"d":"2.2"}]
["Proprietário residente na própria UPA ",211,null,{"v":25.45235223160434,"d":"25.5"}]
["Fonte: Secretaria de Agricultura e Abastecimento, CDRS/IEA, Projeto LUPA."]
[]
["TABELA 191.5 - Área Cultivada, Município de Garça, Estado de São Paulo, 2007/08."]
["CULTURA","N.DE UPAs","MÍNIMO","MÉDIO","MÁXIMO","TOTAL"]
["Braquiaria",446,0.5,{"v":57.37,"d":"57.4"},{"v":1080.8,"d":"1,080.8"},{"v":25585.5,"d":"25,585.5"}]
["Cafe",509,0.2,{"v":18.29,"d":"18.3"},{"v":300,"d":"300.0"},{"v":9309.4,"d":"9,309.4"}]
["Gramas",179,0.6,{"v":29.07,"d":"29.1"},{"v":499,"d":"499.0"},{"v":5203.4,"d":"5,203.4"}]
["Seringueira",29,0.5,{"v":44.75,"d":"44.8"},{"v":380,"d":"380.0"},{"v":1297.7,"d":"1,297.7"}]
["Eucalipto",188,0.1,{"v":4.08,"d":"4.1"},{"v":200,"d":"200.0"},767.3]
["Milho",70,0.2,{"v":10.44,"d":"10.4"},{"v":115,"d":"115.0"},730.6]
["Outras gramineas para pastagem",2,{"v":4,"d":"4.0"},{"v":123.25,"d":"123.3"},242.5,246.5]
["Mandioca",9,0.1,{"v":26.16,"d":"26.2"},{"v":72,"d":"72.0"},235.4]
["Coloniao",5,{"v":7,"d":"7.0"},{"v":47.08,"d":"47.1"},186.1,235.4]
["Milho-silagem",8,{"v":4,"d":"4.0"},{"v":25.08,"d":"25.1"},{"v":90,"d":"90.0"},200.6]
["Outras florestais",5,{"v":12,"d":"12.0"},30.4,{"v":80,"d":"80.0"},{"v":152,"d":"152.0"}]
["Laranja",13,0.2,{"v":11.35,"d":"11.4"},{"v":75,"d":"75.0"},147.5]
["Cana-de-acucar",50,0.3,{"v":2.46,"d":"2.5"},{"v":15,"d":"15.0"},123.1]
["Coco-da-baia",30,0.1,{"v":2.42,"d":"2.4"},{"v":25,"d":"25.0"},72.5]
["Maracuja",50,0.1,{"v":1.36,"d":"1.4"},{"v":20,"d":"20.0"},68.2]
["Capim-napier (ou capim-elefante)",12,{"v":1,"d":"1.0"},4.9,{"v":24,"d":"24.0"},58.8]
["Macadamia (ou noz-macadamia)",6,0.3,{"v":9.62,"d":"9.6"},{"v":50,"d":"50.0"},57.7]
["Algodao",1,{"v":50,"d":"50.0"},{"v":50,"d":"50.0"},{"v":50,"d":"50.0"},{"v":50,"d":"50.0"}]
["Milheto",1,{"v":45,"d":"45.0"},{"v":45,"d":"45.0"},{"v":45,"d":"45.0"},{"v":45,"d":"45.0"}]
["Tangerina",19,0.1,{"v":1.25,"d":"1.3"},5.3,23.7]
["Sorgo",3,2.4,{"v":6.27,"d":"6.3"},10.6,18.8]
["Pomar domestico",27,0.1,{"v":0.57,"d":"0.6"},1.5,15.5]
["Feijao",11,0.2,{"v":1.13,"d":"1.1"},{"v":5,"d":"5.0"},12.4]
["Limao",10,0.1,{"v":1.07,"d":"1.1"},3.8,10.7]
["Tangor",2,0.7,{"v":4.55,"d":"4.6"},8.4,9.1]
["Palmito",5,0.1,{"v":1.64,"d":"1.6"},{"v":5,"d":"5.0"},8.2]
["Tomate rasteiro",2,0.5,{"v":3.75,"d":"3.8"},{"v":7,"d":"7.0"},7.5]
["Manga",5,0.5,{"v":1.44,"d":"1.4"},{"v":4,"d":"4.0"},7.2]
["Melancia",1,7.2,7.2,7.2,7.2]
["Outras olericolas",11,0.2,{"v":0.59,"d":"0.6"},{"v":2,"d":"2.0"},6.5]
["Pepino",21,0.1,{"v":0.16,"d":"0.2"},0.5,3.3]
["Abacate",4,0.3,{"v":0.78,"d":"0.8"},1.5,3.1]
["Caqui",1,{"v":3,"d":"3.0"},{"v":3,"d":"3.0"},{"v":3,"d":"3.0"},{"v":3,"d":"3.0"}]
["Tomate envarado",10,0.1,{"v":0.29,"d":"0.3"},1.8,2.9]
["Horta domestica",4,0.1,{"v":0.65,"d":"0.7"},{"v":1,"d":"1.0"},2.6]
["Viveiro de cafe",4,0.2,0.5,{"v":1,"d":"1.0"},{"v":2,"d":"2.0"}]
["Pinus",2,{"v":1,"d":"1.0"},{"v":1,"d":"1.0"},{"v":1,"d":"1.0"},{"v":2,"d":"2.0"}]
["Pimentao",9,0.1,0.2,0.5,1.8]
["Banana",4,0.1,{"v":0.38,"d":"0.4"},0.5,1.5]
["Floricultura para vaso",2,0.3,{"v":0.75,"d":"0.8"},1.2,1.5]
["Alface",12,0.1,{"v":0.13,"d":"0.1"},0.3,1.5]
["Cebolinha",9,0.1,{"v":0.12,"d":"0.1"},0.2,1.1]
["Couve (ou couve-crespa)",8,0.1,{"v":0.13,"d":"0.1"},0.2,{"v":1,"d":"1.0"}]
["Abobora (ou jerimum)",4,0.1,0.2,0.3,0.8]
["Uva rustica",3,0.1,{"v":0.23,"d":"0.2"},0.5,0.7]
["Viveiro de florestais",3,0.1,{"v":0.23,"d":"0.2"},0.5,0.7]
["Brocolos (ou brocolis)",5,0.1,{"v":0.12,"d":"0.1"},0.2,0.6]
["Cenoura",4,0.1,{"v":0.15,"d":"0.2"},0.2,0.6]
["Jilo",2,0.2,{"v":0.25,"d":"0.3"},0.3,0.5]
["Quiabo",1,0.5,0.5,0.5,0.5]
["Beterraba",5,0.1,0.1,0.1,0.5]
["Feijao-vagem (ou vagem, ou feijao-verde)",3,0.1,{"v":0.17,"d":"0.2"},0.3,0.5]
["Berinjela",4,0.1,{"v":0.13,"d":"0.1"},0.2,0.5]
["Arroz",1,0.3,0.3,0.3,0.3]
["Chicoria (ou chicoria-de-folha-crespa)",2,0.1,{"v":0.15,"d":"0.2"},0.2,0.3]
["Acelga",1,0.2,0.2,0.2,0.2]
["Acerola (ou cereja-das-antilhas)",2,0.1,0.1,0.1,0.2]
["Repolho",1,0.2,0.2,0.2,0.2]
["Goiaba",1,0.2,0.2,0.2,0.2]
["Pessego",1,0.2,0.2,0.2,0.2]
["Couve-flor",1,0.1,0.1,0.1,0.1]
["Pupunha",1,0.1,0.1,0.1,0.1]
["Pimenta",1,0.1,0.1,0.1,0.1]
["Viveiro de flores e ornamentais",1,0.1,0.1,0.1,0.1]
["Viveiro de frutiferas em geral",1,0.1,0.1,0.1,0.1]
["Fonte: Secretaria de Agricultura e Abastecimento, CDRS/IEA, Projeto LUPA."]